000 00245nam a2200109Ia 4500
008 190912s9999||||xx |||||||||||||| ||und||
100 _aQudratullah Khan
245 0 _aZindagi
260 _aAmerica
_bUniversal
_c2001
300 _a104
942 _cBK
999 _c7307
_d7307